Marques de voitures !!! - Statistiques

Statistiques générales
  • Ce quiz a été pris 708 fois
  • Le résultat moyen est 9 sur 16
Statistiques - réponses
Par images Réponse % Correct
mclaren
85%
lexus
83%
bugatti
80%
smart
79%
cadillac
77%
subaru
77%
dacia
75%
jaguar
75%
cupra
74%
corvette
72%
koenigsegg
44%
shelby
40%
acura
28%
saleen
15%
ssangyong
11%
noble
9%
Aucun quiz correspondant
Distribution des résultats
% des personnes avec chaque résultat
Percentile par nombre de réponses
Votre historique - résultats
Vous n’avez pas pris ce quiz